| 000 | 00473nam a22001577a 4500 | ||
|---|---|---|---|
| 001 | T027600003579 | ||
| 008 | 181111b xve|||||r|||| 00| | esp d | ||
| 099 |
_aIVP-D-00256 _b |
||
| 100 | _aGobernación del Estado Trujillo. | ||
| 245 | _aVII Plan de la Nación. Estado Trujillo. Tomo I y II. | ||
| 260 | _a | ||
| 500 | _aFotocopiado | ||
| 650 | _aPlanes de Desarrollo--Estado Trujillo (Venezuela). | ||
| 650 | _aVenezuela--Planes de la Nación 1984-1988. | ||
| 942 | _cLIB | ||
| 999 |
_c4724 _d4724 |
||